000 00656nam a2200205Ia 4500
001 5732
003 GE_BSU
008 181216s||||||||xx |||||||||||||| ||und||
040 _cGE_BSU
080 _a517.91
100 _aГаврилов,Н.И
245 _aМетоды теории обыкновенных дифференциальных уравнений.
245 _cРед.Д.А.Тальский
260 _aМосква
260 _bВысшая школа, .
260 _c1962
300 _a312с 22см.
653 _aМетоды теории обыкновенных дифференциальны уравненийх
942 _cBK
999 _c39149
_d39149